Powiaty Polski w 1968-Nagła śmierć - Statystyki

Ogólne statystyki
  • Ten quiz został rozwiązany 67 razy
    53 od ostatniego zresetowania
  • Średni wynik to 5 z 19
Answers on the Grid
Answers color-coded by a green-red scale on the quiz's grid according to % correct below.
chojeński
dąbrowski(woj. białostockie)
Miasto Świnoujście
woliński
szczeciński
gryfiński
gubiński
lubski
krośnieński(woj.zielonogórskie)
warszawski
kołbaskowski
Miasto Biała Podlaska
Miasto Żyrardów
niemodliński
grodkowski
Miasto Zakopane
gryficki
łódzki wschodni
Miasto Pruszków
sycowski
dębnowski
Miasto Żory
Miasto Jastrzębie Zdrój
wyrzyski
szubiński
nieszawski
małomicki
wałecki
Miasto Piła
jeleniogórski
 
Statystyki odpowiedzi
Odpowiedź % Poprawnych
Miasto Piła
46%
jeleniogórski
38%
wałecki
35%
warszawski
35%
dąbrowski(woj. białostockie)
31%
gryficki
27%
Miasto Żyrardów
27%
gryfiński
23%
Miasto Zakopane
23%
szubiński
23%
woliński
23%
chojeński
19%
grodkowski
19%
krośnieński(woj.zielonogórskie)
19%
sycowski
19%
niemodliński
15%
wyrzyski
15%
lubski
12%
Miasto Pruszków
12%
Nie znaleziono quizów pasujących do podanych kryteriów
Rozkład punktacji
Procent ludzi z każdym wynikiem
Percentyl według liczby udzielonych odpowiedzi
Twoja historia wyników
Nie rozwiązałeś tego quizu od ostatniego zresetowania